Кафедра аналитической химии. Альбом в ознаменование 60-летия с начала занятий в институте

ग्रंथसूची विवरण
निगमित लेखक: Томский политехнический институт (ТПИ)
भाषा:रूसी
प्रकाशित: Томск, ТПИ, 1960
संस्करण:Рукопись
विषय:
स्वरूप: पुस्तक
KOHA link:https://koha.lib.tpu.ru/cgi-bin/koha/opac-detail.pl?biblionumber=184353

MARC

LEADER 00000nam0a2200000 4500
001 184353
005 20231101223835.0
035 |a (RuTPU)RU\TPU\book\199927 
090 |a 184353 
100 |a 20100906d1960 m y0rusy50 ca 
101 0 |a rus 
102 |a RU 
105 |a ac z 000zy 
200 1 |a Кафедра аналитической химии. Альбом в ознаменование 60-летия с начала занятий в институте  |f Томский политехнический институт (ТПИ) 
205 |a Рукопись 
210 |a Томск  |c ТПИ  |d 1960 
215 |a 42 с.  |c ил. 
606 1 |a Томский политехнический университет  |2 stltpush  |3 (RuTPU)RU\TPU\subj\67475  |9 83260 
606 1 |a Аналитическая химия  |x История  |2 stltpush  |3 (RuTPU)RU\TPU\subj\71763  |9 85531 
610 1 |a ТПИ 
610 1 |a кафедра аналитической химии 
610 1 |a история 
610 1 |a 20 век 
610 1 |a химико-технологический факультет 
675 |a 543(09)  |v 3 
686 |a Ч484(2)72ТПУ  |2 rubbk 
712 0 2 |a Томский политехнический институт (ТПИ)  |c (1944-1991)  |2 stltpush  |3 (RuTPU)RU\TPU\col\1123 
801 1 |a RU  |b 63413507  |c 20100906 
801 2 |a RU  |b 63413507  |c 20220822  |g RCR 
942 |c BK